000 00483nam a2200157Ia 4500
003 GCL
008 140319s9999 xx 000 0 ara d
040 _aGCL /
_cGCL
082 0 4 _a953.122
_bع ت
100 1 _aعبدالباسط بدر
245 1 0 _aالتاريخ الشامل للمدينة المنورة /
_cعبدالباسط بدر
490 _a
650 0 4 _aالمدينة المنورة
650 0 4 _aالسعودية - التاريخ الاسلامى
942 _2ddc
_cBK
999 _c39224
_d39224